Statistics for Countries Colonized by Germany by Continent

Click here to take the quiz!

General Stats

  • This quiz has been taken 143 times
    (123 since last reset)
  • The average score is 12 of 19

Answer Stats

HintCountry% Correct
AfricaNamibia
88%
AfricaTanzania
82%
AfricaCameroon
77%
OceaniaPapua New Guinea
74%
AfricaTogo
73%
AfricaRwanda
72%
AfricaBurundi
70%
OceaniaF.S. Micronesia
66%
AsiaChina
64%
OceaniaPalau
64%
OceaniaSamoa
64%
AfricaGhana
62%
OceaniaNauru
60%
AfricaNigeria
60%
AfricaBenin
59%
OceaniaMarshall Islands
59%
AfricaKenya
58%
AfricaMozambique
52%
AfricaMauritania
17%

Score Distribution

Percentile by Number Answered

Percent of People with Each Score

Your Score History

You have not taken this quiz since the last reset